[Event "MVS-ch U16"]
[Site "Dietzenbach"]
[Date "1998.11.22"]
[Round "5"]
[White "Schickedanz, Andreas"]
[Black "Oezsayar, Deniz"]
[Result "1-0"]
[WhiteElo "721"]
[BlackElo "1022"]
[PlyCount "37"]
[EventDate "1998.11.??"]
[EventType "swiss"]
[EventRounds "6"]
[EventCountry "GER"]
[SourceTitle "EXT 2003"]
[Source "ChessBase"]
[SourceDate "2002.11.25"]
[SourceVersion "1"]
[SourceVersionDate "2002.11.25"]
[SourceQuality "1"]

1. e4 e5 2. d4 exd4 3. c3 dxc3 4. Bc4 Bb4 5. bxc3 Bc5 6. Qh5 Qe7 7. Nd2 d6 8. Ngf3 Qf6 9. 0-0 Be6 10. e5 Qf5 11. Qxf5 Bxf5 12. Re1 Ne7 13. Nb3 0-0 14. Nxc5 dxc5 15. Ng5 Nbc6 16. e6 f6 17. Ne4 b6 18. Ng3 Na5 19. Nxf5 1-0